[Event "IECC CL4-2004.01 email"]
[Site "IECC email"]
[Date "2004.01.18"]
[Round "?"]
[White "Ekaworawong, Prayoon"]
[Black "Signorin, Luca"]
[Result "0-1"]
[WhiteElo "1714"]
[BlackElo "1479"]
[PlyCount "44"]
[EventDate "2004.??.??"]
[EventType "tourn (corr)"]
[EventRounds "4"]
[SourceTitle "Corr 2008"]
[Source "ChessBase"]
[SourceDate "2008.06.24"]
[SourceVersion "1"]
[SourceVersionDate "2008.06.24"]
[SourceQuality "1"]

1. e4 e5 2. Nf3 Nc6 3. Bb5 a6 4. Ba4 f5 5. d4 exd4 6. e5 Bb4+ 7. c3 dxc3 8. Nxc3 Bxc3+ 9. bxc3 Nge7 10. Bg5 b5 11. Bb3 h6 12. Be3 Bb7 13. 0-0 Na5 14. Nd4 Nxb3 15. axb3 0-0 16. f4 Nd5 17. Bd2 Qh4 18. c4 bxc4 19. bxc4 Nb6 20. Nf3 Qe7 21. Rc1 Qc5+ 22. Kh1 Rfe8 0-1

[Event "IECG CP.2002.P.00079 email"]
[Site "IECG email"]
[Date "2002.10.01"]
[Round "?"]
[White "Tokmachev, Mikhail"]
[Black "Signorin, Luca"]
[Result "1-0"]
[WhiteElo "2087"]
[BlackElo "1450"]
[PlyCount "61"]
[EventDate "2002.10.01"]
[EventType "tourn (corr)"]
[EventRounds "6"]
[EventCountry "RUS"]
[SourceTitle "Corr 2008"]
[Source "ChessBase"]
[SourceDate "2008.06.24"]
[SourceVersion "1"]
[SourceVersionDate "2008.06.24"]
[SourceQuality "1"]

1. e4 e5 2. Nf3 Nc6 3. Bb5 a6 4. Ba4 Nf6 5. 0-0 b5 6. Bb3 Bb7 7. c3 Be7 8. d4 Nxe4 9. Qe2 d5 10. dxe5 Qd7 11. Rd1 Na5 12. Bc2 Qg4 13. h3 Qh5 14. Nbd2 Nxd2 15. Qxd2 0-0 16. Qf4 Nc4 17. b3 Nb6 18. Nd4 Bc8 19. Be3 Ba3 20. Rab1 Be6 21. Nf5 f6 22. Bd4 Qg5 23. Qxg5 fxg5 24. Bxb6 Bxf5 25. Bxf5 Rxf5 26. Bxc7 Rc8 27. g4 Rf3 28. Bd6 Bc5 29. Rxd5 Rg3+ 30. Kh2 Rxc3 31. Rb2 1-0

[Event "IECC CL5-2002.11"]
[Site "IECC email"]
[Date "2002.06.05"]
[Round "?"]
[White "Signorin, Luca"]
[Black "Wakeham, Marc R"]
[Result "1-0"]
[WhiteElo "1449"]
[BlackElo "1549"]
[PlyCount "111"]
[EventDate "2002.??.??"]
[EventType "tourn (corr)"]
[EventRounds "4"]
[SourceTitle "Corr 2008"]
[Source "ChessBase"]
[SourceDate "2008.06.24"]
[SourceVersion "1"]
[SourceVersionDate "2008.06.24"]
[SourceQuality "1"]

1. d4 Nf6 2. Nc3 g6 3. e4 d6 4. Nf3 Bg7 5. a3 0-0 6. Bd3 c5 7. d5 Bg4 8. h3 Bxf3 9. Qxf3 Nfd7 10. Be2 a6 11. 0-0 b5 12. Qg3 Nf6 13. Bf3 Nbd7 14. Rd1 Ne5 15. Be2 b4 16. axb4 cxb4 17. Na2 Nxe4 18. Qe3 Nc5 19. f4 b3 20. cxb3 Ned7 21. b4 Nb7 22. Nc3 a5 23. bxa5 Rxa5 24. Rxa5 Nxa5 25. Nb5 Qb6 26. b4 Qxe3+ 27. Bxe3 Nb3 28. Rb1 Na1 29. Rc1 Ra8 30. Bf3 Rb8 31. Be2 Ra8 32. Na7 Nb3 33. Rc7 Nd4 34. Bc4 Nb6 35. Ba2 Kf8 36. g4 h5 37. Kg2 Ke8 38. Bb3 Nxb3 39. Bxb6 hxg4 40. hxg4 Bd4 41. Bxd4 Nxd4 42. b5 Rb8 43. Nc6 Nxc6 44. dxc6 Kd8 45. Rd7+ Kc8 46. Rxe7 Rxb5 47. Rxf7 Rc5 48. Rg7 Rxc6 49. Rxg6 Kd7 50. Kf3 Rc3+ 51. Ke4 Rc4+ 52. Kf5 Rc8 53. g5 Rf8+ 54. Rf6 Rg8 55. Rf7+ Kc6 56. g6 1-0

[Event "IECC TH-M email"]
[Site "IECC email"]
[Date "2002.01.01"]
[Round "?"]
[White "Signorin, Luca"]
[Black "Sala, Stefano"]
[Result "0-1"]
[WhiteElo "1393"]
[BlackElo "1499"]
[PlyCount "98"]
[EventDate "2002.??.??"]
[EventType "match (corr)"]
[EventRounds "2"]
[SourceTitle "Corr 2008"]
[Source "ChessBase"]
[SourceDate "2008.06.24"]
[SourceVersion "1"]
[SourceVersionDate "2008.06.24"]
[SourceQuality "1"]

1. e4 e5 2. Nf3 Nc6 3. Bc4 Nf6 4. Ng5 d5 5. exd5 Na5 6. Bb5+ c6 7. dxc6 bxc6 8. Qf3 Rb8 9. Bxc6+ Nxc6 10. Qxc6+ Nd7 11. d3 Be7 12. Ne4 Bb7 13. Nd6+ Bxd6 14. Qxd6 Qh4 15. 0-0 Bxg2 16. Kxg2 Qg4+ 17. Kh1 Qf3+ 18. Kg1 Rb6 19. Qxb6 axb6 20. Nc3 f5 21. Re1 Qg4+ 22. Kh1 Kf7 23. Re3 f4 24. Re1 h5 25. Rg1 Qf3+ 26. Rg2 h4 27. Ne4 Qd1+ 28. Rg1 Qxc2 29. b3 Nc5 30. Ng5+ Ke8 31. Bxf4 exf4 32. Rac1 Qxf2 33. b4 Nb7 34. Rg2 Qe3 35. Rgg1 Qd2 36. Rc8+ Nd8 37. Rc4 Qxd3 38. Re1+ Kd7 39. Rxf4 Qd2 40. Ree4 Qxa2 41. Re1 Qd5+ 42. Ne4 Nc6 43. Rg1 Rf8 44. Rxh4 g5 45. Rxg5 Qd1+ 46. Rg1 Rf1 47. Rh7+ Ne7 48. Rhg7 Rxg1+ 49. Rxg1 Qf3+ 0-1

[Event "IECC CL6-2001.33"]
[Site "IECC email"]
[Date "2001.11.05"]
[Round "?"]
[White "Signorin, Luca"]
[Black "Robinson, Ian"]
[Result "1/2-1/2"]
[WhiteElo "1424"]
[BlackElo "1283"]
[PlyCount "81"]
[EventDate "2001.??.??"]
[EventType "tourn (corr)"]
[EventRounds "4"]
[SourceTitle "Corr 2008"]
[Source "ChessBase"]
[SourceDate "2008.06.24"]
[SourceVersion "1"]
[SourceVersionDate "2008.06.24"]
[SourceQuality "1"]

1. e4 c5 2. Nf3 d6 3. d4 cxd4 4. Nxd4 Nf6 5. Nc3 a6 6. Be2 e5 7. Nb3 Be7 8. 0-0 0-0 9. a4 Nc6 10. Be3 Be6 11. f4 d5 12. f5 d4 13. fxe6 fxe6 14. Qd3 dxc3 15. bxc3 Qe8 16. Rad1 Rd8 17. Qc4 Rxd1 18. Bxd1 Qc8 19. Be2 Ba3 20. Ra1 Bb2 21. Rb1 b5 22. axb5 axb5 23. Qxb5 Bxc3 24. Rd1 Nd4 25. Bxd4 exd4 26. Nxd4 Bxd4+ 27. Rxd4 Qxc2 28. Qc4 Qxc4 29. Bxc4 Kf7 30. e5 Nd5 31. h4 Rd8 32. Kf2 h5 33. Kf3 Kg6 34. Bd3+ Kh6 35. Bc4 Kg6 36. Ke4 Nc3+ 37. Ke3 Nd1+ 38. Ke4 Nf2+ 39. Ke3 Nd1+ 40. Ke4 Nf2+ 41. Ke3 1/2-1/2

[Event "IECC Swiss email"]
[Site "IECC email"]
[Date "2001.10.08"]
[Round "?"]
[White "Monteiro, Manuel Alexandre"]
[Black "Signorin, Luca"]
[Result "1-0"]
[WhiteElo "1892"]
[BlackElo "1402"]
[PlyCount "56"]
[EventDate "2001.??.??"]
[EventType "tourn (corr)"]
[EventRounds "6"]
[SourceTitle "Corr 2008"]
[Source "ChessBase"]
[SourceDate "2008.06.24"]
[SourceVersion "1"]
[SourceVersionDate "2008.06.24"]
[SourceQuality "1"]

1. e4 e5 2. Nc3 Nf6 3. f4 d5 4. fxe5 Nxe4 5. Nf3 Bg4 6. Qe2 Ng5 7. d4 Nxf3+ 8. gxf3 Bh5 9. Be3 Nc6 10. a3 Be7 11. 0-0-0 0-0 12. Qg2 Re8 13. Rg1 g6 14. Ne2 Bf8 15. Ng3 Qh4 16. Nf5 Qd8 17. Qh3 Kh8 18. Bg5 Qd7 19. Bf6+ Kg8 20. Qxh5 Ne7 21. Nh6+ Bxh6+ 22. Qxh6 Nf5 23. Bh3 Nxh6 24. Bxd7 Rf8 25. f4 c6 26. Rg3 Rfc8 27. Rh3 Nf5 28. Bxf5 c5 1-0

[Event "IECC P email"]
[Site "IECC email"]
[Date "2001.09.25"]
[Round "?"]
[White "Signorin, Luca"]
[Black "Sanmartino, Gianluca"]
[Result "0-1"]
[WhiteElo "1388"]
[BlackElo "1708"]
[PlyCount "80"]
[EventDate "2001.??.??"]
[EventType "tourn (corr)"]
[EventRounds "6"]
[SourceTitle "Corr 2008"]
[Source "ChessBase"]
[SourceDate "2008.06.24"]
[SourceVersion "1"]
[SourceVersionDate "2008.06.24"]
[SourceQuality "1"]

1. e4 g5 2. d4 h6 3. h4 gxh4 4. Rxh4 c6 5. Nf3 d5 6. Nbd2 Bg7 7. e5 Bf5 8. Nb3 Nd7 9. Bd3 Bxd3 10. Qxd3 e6 11. Rg4 Bf8 12. Bd2 a5 13. a4 Ne7 14. 0-0-0 Nf5 15. Rh1 Nb6 16. Bxa5 h5 17. Bxb6 Qxb6 18. a5 Rxa5 19. Rg5 Bh6 20. Nxa5 Qxa5 21. Kb1 Bxg5 22. Nxg5 Ke7 23. Qc3 Qxc3 24. bxc3 h4 25. Nf3 Rg8 26. Rh2 b6 27. Kb2 Rg4 28. Ne1 c5 29. dxc5 bxc5 30. Kc1 f6 31. Nf3 fxe5 32. Nxe5 Re4 33. Ng6+ Kd6 34. f3 Re2 35. Nf4 Rf2 36. Nh3 Rf1+ 37. Kd2 c4 38. Ke2 Ng3+ 39. Ke3 Rc1 40. Kf2 d4 0-1

[Event "IECG R2.2001.0.00006"]
[Site "IECG email"]
[Date "2001.04.15"]
[Round "1"]
[White "Sanmartino, Gianluca"]
[Black "Signorin, Luca"]
[Result "1-0"]
[WhiteElo "1600"]
[BlackElo "1450"]
[PlyCount "83"]
[EventDate "2001.04.15"]
[EventType "tourn (corr)"]
[EventRounds "6"]
[SourceTitle "Corr 2024"]
[Source "ChessBase"]
[SourceDate "2023.10.19"]
[SourceVersion "1"]
[SourceVersionDate "2023.10.19"]
[SourceQuality "1"]

1. e4 e5 2. Nf3 Nc6 3. Bc4 Bc5 4. c3 Nf6 5. d4 exd4 6. cxd4 Bb4+ 7. Nc3 d5 8. exd5 Nxd5 9. 0-0 Bxc3 10. bxc3 0-0 11. Qc2 Bg4 12. Ng5 g6 13. Ne4 Be6 14. Bg5 f6 15. Nc5 Bf5 16. Qb3 Nce7 17. Nxb7 Qd7 18. Nc5 Qd6 19. Bd2 Rab8 20. Qa4 Kh8 21. Bb3 Nc6 22. Rfe1 Nb6 23. Qa6 Rfe8 24. Bf7 Re7 25. Rxe7 Qxe7 26. Bb3 Re8 27. Be3 Be4 28. Nxe4 Qxe4 29. Re1 Re7 30. d5 Nd8 31. c4 c5 32. Qa5 Nb7 33. Qxa7 Nc8 34. Qb8 Nbd6 35. h3 Rb7 36. Qa8 Qe7 37. Qa5 Ra7 38. Qxc5 Rc7 39. Qd4 Nf5 40. Qc3 Nxe3 41. Rxe3 Qf8 42. Re6 1-0

[Event "IECG R2.2001.0.00006"]
[Site "IECG email"]
[Date "2001.04.15"]
[Round "1"]
[White "Signorin, Luca"]
[Black "Zvidra, Aivars"]
[Result "1/2-1/2"]
[WhiteElo "1450"]
[BlackElo "1562"]
[PlyCount "51"]
[EventDate "2001.04.15"]
[EventType "tourn (corr)"]
[EventRounds "6"]
[SourceTitle "Corr 2024"]
[Source "ChessBase"]
[SourceDate "2023.10.19"]
[SourceVersion "1"]
[SourceVersionDate "2023.10.19"]
[SourceQuality "1"]

1. e4 c5 2. Nc3 Nc6 3. f4 g6 4. Nf3 Bg7 5. Bb5 e6 6. d3 Nd4 7. 0-0 Ne7 8. e5 Nxb5 9. Nxb5 0-0 10. Be3 b6 11. Nd6 f6 12. Bd2 Nf5 13. Nxf5 exf5 14. Re1 Re8 15. Bc3 Bb7 16. exf6 Rxe1+ 17. Qxe1 Bxf6 18. Bxf6 Qxf6 19. Qe5 Qxe5 20. Nxe5 Re8 21. Kf2 d6 22. Nc4 Re6 23. Ne3 d5 24. c3 h6 25. Rd1 Kf7 26. Rd2 1/2-1/2

[Event "SEMI W-ch4 LG prel-F (Hage mem) email"]
[Site "SEMI email"]
[Date "2001.04.01"]
[Round "?"]
[White "Signorin, Luca"]
[Black "Rizzi, Davide"]
[Result "0-1"]
[WhiteElo "1000"]
[BlackElo "1920"]
[PlyCount "104"]
[EventDate "2001.04.01"]
[EventType "tourn (corr)"]
[EventRounds "6"]
[EventCountry "ITA"]
[SourceTitle "Corr 2008"]
[Source "ChessBase"]
[SourceDate "2008.06.24"]
[SourceVersion "1"]
[SourceVersionDate "2008.06.24"]
[SourceQuality "1"]

1. e4 e5 2. Nf3 f5 3. Nxe5 Qf6 4. Nc4 fxe4 5. Nc3 Qg6 6. d3 Bb4 7. Bd2 Nf6 8. Nxe4 Bxd2+ 9. Nexd2 0-0 10. Ne3 d5 11. Nf3 Ng4 12. Nxg4 Bxg4 13. Be2 Nc6 14. 0-0 Rae8 15. Nh4 Bxe2 16. Nxg6 Bxd1 17. Nxf8 Bg4 18. f3 Bf5 19. Nxh7 Bxh7 20. Rfe1 Rxe1+ 21. Rxe1 Kf7 22. h4 Nb4 23. Re5 c6 24. Re2 Nxa2 25. Kf2 c5 26. h5 Nb4 27. g4 d4 28. g5 Kf8 29. f4 c4 30. g6 Bg8 31. dxc4 Bxc4 32. Rd2 d3 33. cxd3 Be6 34. Kf3 Ke7 35. d4 Kf6 36. Rh2 a5 37. Re2 Nc6 38. Rd2 Bd5+ 39. Kf2 b5 40. Rc2 Bc4 41. Ke3 a4 42. Rc1 Ne7 43. Rg1 b4 44. Rc1 Bb3 45. Ke4 a3 46. bxa3 bxa3 47. Rc5 a2 48. Ra5 Bc4 49. Ra4 Ke6 50. Ra3 Nd5 51. h6 gxh6 52. Ra5 Kf6 0-1

[Event "IECC M email"]
[Site "IECC email"]
[Date "2001.02.07"]
[Round "?"]
[White "Ahlers, Heinz W"]
[Black "Signorin, Luca"]
[Result "0-1"]
[WhiteElo "1373"]
[BlackElo "1348"]
[PlyCount "134"]
[EventDate "2001.??.??"]
[EventType "tourn (corr)"]
[EventRounds "6"]
[SourceTitle "Corr 2008"]
[Source "ChessBase"]
[SourceDate "2008.06.24"]
[SourceVersion "1"]
[SourceVersionDate "2008.06.24"]
[SourceQuality "1"]

1. e4 e5 2. Nf3 Nc6 3. Bb5 Nge7 4. 0-0 g6 5. c3 d5 6. d4 exd4 7. Qxd4 Rg8 8. Bf4 Bg7 9. Qe3 dxe4 10. Qxe4 f5 11. Qe3 Kf8 12. Qc5 Qd5 13. Qxd5 Nxd5 14. Bc4 Nxf4 15. Bxg8 Ne2+ 16. Kh1 Kxg8 17. Na3 Nf4 18. Nb5 Be6 19. Nxc7 Rc8 20. Nxe6 Nxe6 21. g3 Nc5 22. Rad1 Re8 23. Nd4 Ne5 24. Rfe1 Rd8 25. Re2 Nf3 26. Kg2 Nxd4 27. cxd4 Bxd4 28. Red2 Ne6 29. Re2 Kf7 30. h4 Bf6 31. Rxd8 Nxd8 32. b3 Nc6 33. Re1 Nd4 34. Rc1 Nb5 35. Kf3 Nd4+ 36. Ke3 Nc6 37. Rd1 Ke6 38. Rd2 Bc3 39. Rd1 Bb2 40. f3 Ba3 41. Kf4 Bd6+ 42. Kg5 Bxg3 43. Rg1 Bf2 44. Rg2 Be3+ 45. f4 Kf7 46. h5 Nd8 47. Rg3 Ne6+ 48. Kh4 Bxf4 49. Rd3 g5+ 50. Kh3 g4+ 51. Kg2 Ke7 52. Rd5 Ng7 53. Rc5 Kd6 54. Rc4 Nxh5 55. Rd4+ Kc6 56. Rc4+ Kd5 57. Rb4 b6 58. Rc4 Be5 59. Rc8 f4 60. Rg8 f3+ 61. Kf1 g3 62. Rg5 g2+ 63. Kf2 Ng3 64. Rg4 h5 65. Rg5 Ke4 66. Kg1 Bd4+ 67. Kh2 g1Q+ 0-1

[Event "SEMI B018 email"]
[Site "SEMI email"]
[Date "2001.??.??"]
[Round "?"]
[White "Paccione, Patrizio"]
[Black "Signorin, Luca"]
[Result "0-1"]
[WhiteElo "996"]
[BlackElo "1450"]
[PlyCount "42"]
[EventDate "2001.02.20"]
[EventType "tourn (corr)"]
[EventRounds "6"]
[EventCountry "ITA"]
[SourceTitle "Corr 2002"]
[Source "ChessBase"]
[SourceDate "2002.05.23"]
[SourceVersion "1"]
[SourceVersionDate "2002.05.23"]
[SourceQuality "1"]

1. e4 e5 2. Nf3 Nc6 3. Be2 Nf6 4. Nc3 Bb4 5. d3 d5 6. exd5 Nxd5 7. Bd2 Bf5 8. Nxd5 Qxd5 9. Bxb4 Nxb4 10. Qd2 Nc6 11. 0-0 0-0 12. Rfe1 Rfe8 13. Nh4 Bd7 14. Bf3 Qc5 15. Be4 Rad8 16. c3 Qd6 17. Qd1 g6 18. Nf3 f5 19. Bxc6 Bxc6 20. Qb3+ Bd5 21. Qxb7 Bxb7 0-1

[Event "SEMI B018 email"]
[Site "SEMI email"]
[Date "2001.??.??"]
[Round "?"]
[White "Squillante, Michele"]
[Black "Signorin, Luca"]
[Result "1-0"]
[WhiteElo "1654"]
[BlackElo "1450"]
[PlyCount "59"]
[EventDate "2001.02.20"]
[EventType "tourn (corr)"]
[EventRounds "6"]
[EventCountry "ITA"]
[SourceTitle "Corr 2002"]
[Source "ChessBase"]
[SourceDate "2002.05.23"]
[SourceVersion "1"]
[SourceVersionDate "2002.05.23"]
[SourceQuality "1"]

1. d4 d5 2. Nf3 Nf6 3. Bg5 e6 4. Nbd2 Be7 5. e3 c5 6. c3 Nbd7 7. Bd3 Qb6 8. b3 0-0 9. 0-0 h6 10. Bh4 Qc7 11. c4 e5 12. cxd5 cxd4 13. exd4 Nxd5 14. Bg3 Bd6 15. Nc4 Be7 16. Rc1 Qd8 17. dxe5 Bg5 18. Nxg5 Qxg5 19. Be4 N5b6 20. Nd6 f5 21. Bb1 f4 22. Bh4 Qxh4 23. Qc2 Nf6 24. exf6 Rxf6 25. Qh7+ Kf8 26. Qh8+ Ke7 27. Rfe1+ Kxd6 28. Qd8+ Nd7 29. Qc7+ Kd5 30. Rcd1# 1-0

[Event "SEMI B018 email"]
[Site "SEMI email"]
[Date "2001.??.??"]
[Round "?"]
[White "Wood, Brian B"]
[Black "Signorin, Luca"]
[Result "0-1"]
[WhiteElo "1029"]
[BlackElo "1450"]
[PlyCount "60"]
[EventDate "2001.02.20"]
[EventType "tourn (corr)"]
[EventRounds "6"]
[EventCountry "ITA"]
[SourceTitle "Corr 2002"]
[Source "ChessBase"]
[SourceDate "2002.05.23"]
[SourceVersion "1"]
[SourceVersionDate "2002.05.23"]
[SourceQuality "1"]

1. e4 e5 2. Nf3 Nc6 3. Bb5 a6 4. Ba4 d6 5. h3 f5 6. d3 Nf6 7. c3 Be7 8. 0-0 fxe4 9. dxe4 Nxe4 10. Be3 Be6 11. Bxc6+ bxc6 12. Qa4 Nf6 13. Rd1 Bd7 14. c4 c5 15. Qc2 0-0 16. Nc3 c6 17. Ng5 Qc8 18. Nce4 Bf5 19. Nxf6+ Bxf6 20. Ne4 Qe6 21. Nxf6+ Rxf6 22. Qa4 Qe8 23. Rac1 Qg6 24. Kh2 Rb8 25. Rd2 Be4 26. f3 Bxf3 27. gxf3 Rxf3 28. Bf2 Qf5 29. Qxc6 Qf4+ 30. Kg1 Qxd2 0-1